Soudní psychiatrie a soudní sexuologie pro policisty a vyšetřovatele /

Hlavní autor: Brichcín, Slavoj, 1935-
Korporativní autor: Policejní akademie České republiky. Katedra kriminalistiky
Další autoři: Kalvach, Zdeněk, 1951-
Jazyk: Čeština
Vydáno: Praha : Policejní akademie České republiky, 1997
Vydání: Vyd. 1.
Témata:
Externí odkaz: Digitalizovaný dokument
Fyzický popis: 124 s. ; 29 cm
Knihy
Uloženo v:
LEADER 01708nam a2200397 a 4500
001 000201049
003 CZ BrMZK
005 20210418193124.0
007 ta
008 010907s1997 xr e p 0 cze d
015 |a cnb000274553 
020 |a 80-85981-44-0 
035 |a (OCoLC)38152767 
040 |a BOA001  |b cze 
072 7 |a 343.9  |x Kriminalistika  |2 Konspekt  |9 16 
072 7 |a 37.016  |x Učební osnovy. Vyučovací předměty. Učebnice  |2 Konspekt  |9 22 
080 |a 343.96  |2 MRF 
080 |a 340.6:613.88  |2 MRF 
080 |a (075.8)  |2 MRF 
100 1 |a Brichcín, Slavoj,  |d 1935-  |7 mzk2002160622  |4 aut 
245 1 0 |a Soudní psychiatrie a soudní sexuologie pro policisty a vyšetřovatele /  |c Slavoj Brichcín, Zdeněk Kalvach 
250 |a Vyd. 1. 
260 |a Praha :  |b Policejní akademie České republiky,  |c 1997 
300 |a 124 s. ;  |c 29 cm 
500 |a Určeno pro posl. Policejní akad. ČR. - Bibliogr. 
500 |a Dostupné též v digitální podobě v aplikaci Kramerius 
650 0 7 |a soudní psychiatrie  |7 ph116220  |2 czenas 
650 0 7 |a soudní sexuologie  |7 ph239913  |2 czenas 
655 7 |a učebnice vysokých škol  |7 fd133772  |2 czenas 
700 1 |a Kalvach, Zdeněk,  |d 1951-  |7 jn20001103255  |4 aut 
710 2 |a Policejní akademie České republiky.  |b Katedra kriminalistiky  |7 kn20020321432 
856 4 1 |u http://www.digitalniknihovna.cz/mzk/uuid/uuid:aef57290-27e5-11ef-856d-5ef3fc9bb22f  |y Digitalizovaný dokument  |x NDK 
910 |a BOA001  |b 4-1034.874 
990 |a BK 
996 7 |b 2610055133  |c 4-1034.874  |l MZK  |r Sklad / do 1 hodiny  |n 33  |p p.v.  |w 000201049  |u 000010  |a 1  |e BOA001  |j MZK50  |s A 
996 7 |b 2610175107  |c 4-1034.874  |l MZK  |r Sklad / do 1 hodiny  |n 6  |p kup  |w 000201049  |u 000020  |a 1  |e BOA001  |j MZK50  |s A